Statistics for Fast typing to 35 in 15 seconds

Click here to take the quiz!

General Stats

  • This quiz has been taken 1,899 times
  • The average score is 14 of 15

Answer Stats

HintAnswer% Correct
1
99%
3
98%
2
97%
4
96%
5
96%
6
95%
7
95%
8
94%
9
94%
10
90%
11
89%
12
89%
13
87%
14
86%
15
85%

Score Distribution

Percentile by Number Answered

Percent of People with Each Score

Your Score History

You have not taken this quiz